000 00846nam a22002777a 4500
003 CHAP
005 20220329135641.0
008 971013s1971 r 00010 d
010 _a39927
011 _a40899
035 _a45025
040 _cCHAP
090 _aFolleto 4270
110 _aE.U.A. Department of the Treasury
_934914
245 _aGuía para exportar a los Estados Unidos
260 _aMéxico, D. F. :
_bCentro Regional de Ayuda Técnica,
_c1971
300 _a95 p.
590 _aBATCH-UPD
_b10
_c20130410
_lUCH01
_h1222
590 _aBATCH-UPD
_b10
_c20130914
_lUCH01
_h1013
590 _aCONVERSION
_b10
_c20130109
_lUCH01
_h1322
650 1 4 _aComercio
_xE.U.A.
_925570
650 1 4 _aExportación e importación
_xE.U.A.
_939093
901 _aBK
942 _cFOLL
949 _aFolleto 4270
_bBC
_cFOLL
_d-103083
_eTS1
_i45025
_mD
_si
999 _c39927
_d39927